El historiador y la religión /

En la primera parte de este libro se habla del surgimiento de las religiones superiores. Examina luego las religiones primitivas. El libro está enfocado a la interdependencia entre la historia secular y la religión.

Guardat en:
Dades bibliogràfiques
Autor principal: Toynbee, Arnold J. (autor)
Format: Llibre
Idioma:espanyol
Publicat: Buenos Aires, Argentina : Emecé, 1958, c1958
Matèries:
Etiquetes: Afegir etiqueta
Sense etiquetes, Sigues el primer a etiquetar aquest registre!

MARC

LEADER 00000nam^a2200000^a^4500
001 000110395
005 20250521000000.0
009 20260310093754.255
037 |a Acervo ITESO - Biblioteca 
041 |a ESP 
082 |a 200. 9  |b TOY 
100 |a Toynbee, Arnold J.  |e (autor) 
245 1 3 |a El historiador y la religión /  |c A.J. Toynbee ; tr. por Alberto Luis Bixio. 
264 4 |a Buenos Aires, Argentina :  |b Emecé,  |c 1958, c1958 
300 |a 316 p. 
336 |a texto  |b txt  |2 rdacontenido 
337 |a sin mediación  |b n  |2 rdamedio 
338 |a volumen  |b nc  |2 rdasoporte 
500 |a Traducción de: An historian's approach to religion 
520 |a En la primera parte de este libro se habla del surgimiento de las religiones superiores. Examina luego las religiones primitivas. El libro está enfocado a la interdependencia entre la historia secular y la religión. 
649 |a XX 
650 |a Religión -  |x Historia 
650 |a Sociología de la Religión 
650 |a Historia Universal 
650 |a Religión 
910 |a Fondo Salvador Reynoso Reynoso 
920 |a Impresos - Libros 
930 |a Fondos Especiales 
905 |a 112 
901 |a 0800000114  |b IT2  |c ESP  |u 20250521 
902 |a https://opac.biblio.iteso.mx/vufind/Record/000110395